Datum a čas kvízu

28 Celkem bodů Celkový počet nahraných bodů na tomto kvízu bez doplňovacích otázek.
6. Pořadí na kvízu Konečné umístění týmu na tomto kvízu.

Zaznamenané odpovědi

# Otázka Odpověď Body Výsledky
1. Od pondělí do čtvrtka brázdila... Formule 1 1
2. V českých médiích se minulý tý... kozy (a kozly) 0
3. 39letá americká zpěvačka natoč... Katy Perry 1
4. V pondělí prohlásila polská sp... CZC.cz 0
5. 21letá Andrea Klementová z Tře... přeplavala kanál La Manche 1
6. Ve kterém americkém filmu z ro... Ladíme! (Pitch Perfect) 0
7. Francouzská hudební komedie s... Piti Piti Pa 1
8. Animovaný hudební film Alvin a... Simon a Theodor 0.5
9. V Hříšném tanci si zahráli hla... Frances, Baby 1
10. Jak se jmenuje československý... Kdyby tisíc klarinetů 0